<?xml version="1.0" encoding="UTF-8"?>
<record
    xmlns:xsi="http://www.w3.org/2001/XMLSchema-instance"
    xsi:schemaLocation="http://www.loc.gov/MARC21/slim http://www.loc.gov/standards/marcxml/schema/MARC21slim.xsd"
    xmlns="http://www.loc.gov/MARC21/slim">

  <leader>01580    a2200217   4500</leader>
  <controlfield tag="003">Nust</controlfield>
  <controlfield tag="005">20230819095823.0</controlfield>
  <datafield tag="010" ind1=" " ind2=" ">
    <subfield code="a">   81015576</subfield>
  </datafield>
  <datafield tag="020" ind1=" " ind2=" ">
    <subfield code="a">0534979637 :</subfield>
  </datafield>
  <datafield tag="040" ind1=" " ind2=" ">
    <subfield code="c">Nust</subfield>
  </datafield>
  <datafield tag="082" ind1="0" ind2="0">
    <subfield code="a">519.536,ALL</subfield>
  </datafield>
  <datafield tag="100" ind1="1" ind2=" ">
    <subfield code="a">Allen, David M.,</subfield>
    <subfield code="9">114195</subfield>
  </datafield>
  <datafield tag="245" ind1="1" ind2="0">
    <subfield code="a">Analyzing experimental data by regression /</subfield>
    <subfield code="c">David M. Allen, Foster B. Cady.</subfield>
  </datafield>
  <datafield tag="260" ind1=" " ind2=" ">
    <subfield code="a">Belmont, Calif. :</subfield>
    <subfield code="b">Lifetime Learning Publications,</subfield>
    <subfield code="c">c1982.</subfield>
  </datafield>
  <datafield tag="300" ind1=" " ind2=" ">
    <subfield code="a">xvi, 394 p. :</subfield>
    <subfield code="b">ill. ;</subfield>
    <subfield code="c">24 cm.</subfield>
  </datafield>
  <datafield tag="505" ind1=" " ind2=" ">
    <subfield code="a">Strategy of Data Analysis (Page-2), Data Link Between Research Objectives and Analysis (Page-8), Model Formulation and Inferences (Page-16), Fitting the Mean Model (Page-30), Fitting a Straight Line Model (Page-38), Analysis of Variance (Page-49), Computations for Multivariable Models (Page-56), Coping with Model Violations (Page-68), Case Study Dose Dependent Blood Pressure Data (Page-80), Interpreting Regression Coefficients in Two Variable Models (Page-90), Data Reduction by Regressions (Page-104), Generalizing Beyond the Data (Page-120), Comparison of Candidate Models (Page-134), Case Study Land Evaluation Data (Page-150), Analysis of Sample Means (Page-162), Model Selections with Many Explanatory Variables (Page-246), Coping with Large Standard Error and Unrealistic Estimates (Page-260), Split Experimental Units and Repeated Measures (Page-276), Nonlinear Models (Page-297), A Regression Program for  Microcomputers (Page-310).  </subfield>
  </datafield>
  <datafield tag="650" ind1=" " ind2="0">
    <subfield code="a">Experimental design.</subfield>
    <subfield code="9">10527</subfield>
  </datafield>
  <datafield tag="650" ind1=" " ind2="0">
    <subfield code="a">Regression analysis.</subfield>
  </datafield>
  <datafield tag="700" ind1="1" ind2=" ">
    <subfield code="a">Cady, Foster B.,</subfield>
    <subfield code="d">1931-</subfield>
    <subfield code="9">114196</subfield>
  </datafield>
  <datafield tag="942" ind1=" " ind2=" ">
    <subfield code="2">ddc</subfield>
    <subfield code="c">BK</subfield>
  </datafield>
  <datafield tag="999" ind1=" " ind2=" ">
    <subfield code="c">181410</subfield>
    <subfield code="d">181410</subfield>
  </datafield>
  <datafield tag="952" ind1=" " ind2=" ">
    <subfield code="0">0</subfield>
    <subfield code="1">0</subfield>
    <subfield code="2">ddc</subfield>
    <subfield code="4">0</subfield>
    <subfield code="7">0</subfield>
    <subfield code="a">MCS</subfield>
    <subfield code="b">MCS</subfield>
    <subfield code="c">GEN</subfield>
    <subfield code="d">2016-12-12</subfield>
    <subfield code="o">519.536,ALL</subfield>
    <subfield code="p">MCS7157</subfield>
    <subfield code="r">2016-12-08</subfield>
    <subfield code="w">2016-12-12</subfield>
    <subfield code="y">BK</subfield>
    <subfield code="z">Almirah no.14, Shelf no.6</subfield>
  </datafield>
</record>
